Statistics for Countries, US States, Capitals, Elements, 100 Most Common Words: A + x = B + C #4

Click here to take the quiz!

General Stats

  • This quiz has been taken 42 times
  • The average score is 29 of 40

Answer Stats

ANSWER% Correct
d
97%
h
97%
nIGerIa
97%
soMaLia
97%
a
94%
CameRoon
94%
ROmania
94%
v
94%
c
85%
g
85%
IreLand
85%
PrIstIna
85%
cAnBerrA
82%
Iran
82%
iraN
82%
Mali
82%
o
82%
Oman
79%
Riga
76%
gIve
74%
i
71%
laoS
71%
new YorK
71%
Come
68%
lEad
68%
a
65%
aCCra
65%
bErkELium
65%
kNow
62%
berN
59%
likE
59%
rAdon
59%
yEar
59%
erBium
50%
L
50%
meiTneRium
50%
Paris
50%
Into
47%
rheniuM
44%
tiMe
44%

Score Distribution

Percentile by Number Answered

Percent of People with Each Score

Your Score History

You have not taken this quiz